000 00356nam a2200145Ia 4500
008 230711s9999||||xx |||||||||||||| ||und||
041 _aENG
082 _a720
_bJO-F
100 _aJoshi,GW
245 0 _aFinshing of garments knits
250 _a1st Ed.
260 _c1994
_aNew Delhi
_bCouncil of Architecture
650 _aTextile Engineering
942 _cBK
999 _c3960
_d3960